00665nam a2200217Ia 450000500170000000800410001702000230005804000190008104100120010008200130011210000200012524500610014526000300020630000130023650400360024965000140028585000110029994200070031099900160031795201140033320240115112852.0131103s9999 xx 000 0 und d a8172731272cRs 625 aLoreto College aEnglish a370bJAG aJagannath, V.K. aDimensions of Multicultural Education, cV.K. Jagannath aDelhibAuthorspressc2004 avi,244p  aIncludes bibliography and index aEducation aLCLIB  cBK c8123d58602 00102ddc4070aMAINbMAINd2013-11-04l1o370 JAG 44159pB7994r2023-02-22s2020-03-04w2013-11-04yBKf